Library Banner

Basic & clinical pharmacology / (Record no. 124633)

MARC details
000 -LEADER
fixed length control field 00855cas a2200277 a 4500
001 - CONTROL NUMBER
control field 11315504
005 - DATE AND TIME OF LATEST TRANSACTION
control field 20211110113813.0
008 - FIXED-LENGTH DATA ELEMENTS--GENERAL INFORMATION
fixed length control field 830110c19829999nyuhr 0 a0eng c
020 ## - INTERNATIONAL STANDARD BOOK NUMBER
International Standard Book Number 9781264258635
040 ## - CATALOGING SOURCE
Transcribing agency PK-LaUMT
082 00 - DEWEY DECIMAL CLASSIFICATION NUMBER
Classification number 615.1
Edition number 19
Item number BAS-
245 00 - TITLE STATEMENT
Title Basic & clinical pharmacology /
Statement of responsibility, etc edited by Bertram G. Katzung and Todd W. Vanderah
260 ## - PUBLICATION, DISTRIBUTION, ETC. (IMPRINT)
Place of publication, distribution, etc New York :
Name of publisher, distributor, etc McGraw-Hill,
Date of publication, distribution, etc 2021
300 ## - PHYSICAL DESCRIPTION
Extent 1311 p.
Other physical details illustrations ;
Dimensions 27 cm.
490 1# - SERIES STATEMENT
Series statement A Concise medical library for practitioner and student
500 ## - GENERAL NOTE
General note Editor: 1982-<2009> B.G. Katzung.
650 #0 - SUBJECT ADDED ENTRY--TOPICAL TERM
Topical term or geographic name as entry element Pharmacology
650 #0 - SUBJECT ADDED ENTRY--TOPICAL TERM
Topical term or geographic name as entry element Clinical pharmacology
650 #7 - SUBJECT ADDED ENTRY--TOPICAL TERM
Topical term or geographic name as entry element Clinical pharmacology.
650 #7 - SUBJECT ADDED ENTRY--TOPICAL TERM
Topical term or geographic name as entry element Pharmacology.
650 17 - SUBJECT ADDED ENTRY--TOPICAL TERM
Topical term or geographic name as entry element Farmacologie.
650 #2 - SUBJECT ADDED ENTRY--TOPICAL TERM
Topical term or geographic name as entry element Pharmacology.
650 #2 - SUBJECT ADDED ENTRY--TOPICAL TERM
Topical term or geographic name as entry element Pharmacology, Clinical.
700 1# - ADDED ENTRY--PERSONAL NAME
Personal name Katzung, Bertram G.,
942 ## - ADDED ENTRY ELEMENTS (KOHA)
Koha item type Books
Holdings
Withdrawn status Lost status Damaged status Home library Current library Date acquired Full call number Barcode Date last seen Price effective from Koha item type Copy number
      UMT Health Sciences Campus UMT Health Sciences Campus 2021-11-10 615.1 BAS- 139426 2021-11-10 2021-11-10 Books  
      UMT Health Sciences Campus UMT Health Sciences Campus 2021-11-10 615.1 BAS- 139427 2026-01-07 2021-11-10 Books C.2
      UMT Health Sciences Campus UMT Health Sciences Campus 2021-11-10 615.1 BAS- 139428 2025-07-22 2021-11-10 Books C.3
      UMT Health Sciences Campus UMT Health Sciences Campus 2021-11-10 615.1 BAS- 139429 2021-11-10 2021-11-10 Books C.4
      UMT Health Sciences Campus UMT Health Sciences Campus 2021-11-10 615.1 BAS- 139430 2025-01-24 2021-11-10 Books C.5
      UMT Health Sciences Campus UMT Health Sciences Campus 2021-11-10 615.1 BAS- 139431 2026-01-07 2021-11-10 Books C.6
      UMT Health Sciences Campus UMT Health Sciences Campus 2021-11-10 615.1 BAS- 139432 2024-01-08 2021-11-10 Books C.7
      UMT Health Sciences Campus UMT Health Sciences Campus 2021-11-10 615.1 BAS- 139433 2024-01-30 2021-11-10 Books C.8
      UMT Health Sciences Campus UMT Health Sciences Campus 2021-11-10 615.1 BAS- 139434 2024-01-08 2021-11-10 Books C.9
      UMT Health Sciences Campus UMT Health Sciences Campus 2021-11-10 615.1 BAS- 139435 2024-10-22 2021-11-10 Books C.10